Countries that border Russia with a map Including Itself - Statistics

General Stats
  • This quiz has been taken 41 times
  • The average score is 14 of 15
Answers on the Map
Answers color-coded by a green-red scale on the quiz's map according to % correct below.
 
Answer Stats
Border % Correct
China
100%
Estonia
100%
Finland
100%
Kazakhstan
100%
Latvia
100%
Lithuania
100%
Mongolia
100%
Belarus
97%
North Korea
97%
Poland
97%
Ukraine
97%
Norway
94%
Azerbaijan
91%
Georgia
88%
Russia
79%
No matching quizzes found
Score Distribution
Percent of People with Each Score
Percentile by Number Answered
Your Score History
You have not taken this quiz